Culturas de paz : seguridad y democracia en América Latina /
Na minha lista:
| Autor principal: | |
|---|---|
| Outros Autores: | , |
| Formato: | Livro |
| Idioma: | espanhol |
| Publicado em: |
Cuernavaca, México :
UNAM, Centro Regional de Investigaciones Multidisciplinarias,
2002, c2002
|
| Assuntos: | |
| Tags: |
Sem tags, seja o primeiro a adicionar uma tag!
|
MARC
| LEADER | 00000nam^a2200000^a^4500 | ||
|---|---|---|---|
| 001 | 000175062 | ||
| 005 | 20250521000000.0 | ||
| 009 | 20260310101550.805 | ||
| 020 | |a 970-32-0200-4 | ||
| 037 | |a Acervo ITESO - Biblioteca | ||
| 041 | |a ESP | ||
| 082 | |a 320. 980 |b SAL | ||
| 100 | |a Salinas, Mario |e (ed.) | ||
| 245 | 1 | 0 | |a Culturas de paz : |b seguridad y democracia en América Latina / |c Ed. de M. Salinas, U. Oswald Spring ; pról. de Raúl Béjar Navarro. |
| 264 | 4 | |a Cuernavaca, México : |b UNAM, Centro Regional de Investigaciones Multidisciplinarias, |c 2002, c2002 | |
| 300 | |a 521 p. | ||
| 336 | |a texto |b txt |2 rdacontenido | ||
| 337 | |a sin mediación |b n |2 rdamedio | ||
| 338 | |a volumen |b nc |2 rdasoporte | ||
| 649 | |a XX | ||
| 650 | |a Democracia - |z Latinoamérica | ||
| 650 | |a Gobernabilidad - |z Latinoamérica | ||
| 650 | |a Transición Política - |z Latinoamérica | ||
| 650 | |a Movimientos Políticos - |z Latinoamérica | ||
| 650 | |a Derechos Humanos - |z Latinoamérica | ||
| 650 | |a Ciudadanía - |z Latinoamérica | ||
| 650 | |a Guerra y Paz - |z Latinoamérica | ||
| 650 | |a Militarismo - |z Latinoamérica | ||
| 650 | |a Cohesión Social - |z Latinoamérica | ||
| 650 | |a Violencia - |z Latinoamérica | ||
| 650 | |a Desarrollo Económico-Social - |z Latinoamérica | ||
| 650 | |a Movimientos Sociales - |z Latinoamérica | ||
| 650 | |a Conflicto Social - |z Latinoamérica | ||
| 650 | |a Género - |z Latinoamérica | ||
| 650 | |a Medio Ambiente - |z Latinoamérica | ||
| 650 | |a Educación Cívica - |z Latinoamérica | ||
| 650 | |a Educación - |z Latinoamérica | ||
| 650 | |a Política - |z Latinoamérica | ||
| 650 | |a Latinoamérica - |x Condiciones Sociales y Culturales | ||
| 650 | |a Latinoamérica - |x Condiciones Políticas | ||
| 700 | |a Oswald Spring, Ursula |e (edición) | ||
| 700 | |a Béjar Navarro, Raúl |e (prólogo) | ||
| 910 | |a Fondo General | ||
| 920 | |a Impresos - Libros | ||
| 930 | |a Colección General | ||
| 905 | |a 101 | ||
| 901 | |a 0500112814 |b IT1 |c ACC |u 20250521 | ||
| 902 | |a https://opac.biblio.iteso.mx/vufind/Record/000175062 | ||